000 00488nam a2200169 4500
001 44921
090 _a44921
100 _a20251010 pory50
101 _apor
_aing
102 _aPT
200 _aChocolate
_frealiz. Lasse Hallström
_gact.s Juliette Binoche , Jidi Dench , Jonny Depp , ... [et al.]
210 _a[s.l.]
_cdist. LNK Audiovisuais
_cMiramax International
_d2001
215 _a1 DVD
300 _a116 m M/12
675 _a821.111(73)-31
801 _aPT
_gRPC
990 _cFILMES DVD